[Event "SLO-chT2W"]
[Site "Slovenia"]
[Date "2002.11.21"]
[Round "1.5"]
[White "Vrcon, Damijan"]
[Black "Drinovec, Ales"]
[Result "1-0"]
[WhiteElo "2177"]
[BlackElo "2171"]
[PlyCount "59"]
[EventDate "2002.11.22"]
[EventType "team"]
[EventRounds "7"]
[EventCountry "SLO"]
[SourceTitle "EXT 2005"]
[Source "ChessBase"]
[SourceDate "2004.11.15"]
[SourceVersion "1"]
[SourceVersionDate "2004.11.15"]
[SourceQuality "1"]

1. c4 Nf6 2. g3 e5 3. Bg2 d5 4. cxd5 Nxd5 5. Nc3 c6 6. Nf3 Bd6 7. 0-0 0-0 8. d4 exd4 9. Nxd5 cxd5 10. Nxd4 Be5 11. Be3 Nc6 12. Rc1 Qf6 13. Nxc6 bxc6 14. Qa4 Bb7 15. Rc2 Rfe8 16. Rd1 h5 17. Rd3 Re6 18. Bh3 Re7 19. Bc5 Bd6 20. Rf3 Qh6 21. Be3 g5 22. Bf5 c5 23. h4 Rxe3 24. Rxe3 Qf6 25. Qd7 d4 26. hxg5 Qxg5 27. Qxb7 Rb8 28. Qd5 Bf4 29. Rf3 Rd8 30. Qe4 1-0

[Event "SLO-chT West"]
[Site "Bled"]
[Date "2001.11.25"]
[Round "7"]
[White "Drinovec, Ales"]
[Black "Vospernik, Andrej"]
[Result "1-0"]
[WhiteElo "2167"]
[BlackElo "2166"]
[PlyCount "79"]
[EventDate "2001.11.18"]
[EventType "team"]
[EventRounds "7"]
[EventCountry "SLO"]
[SourceTitle "EXT 2003"]
[Source "ChessBase"]
[SourceDate "2002.11.25"]
[SourceVersion "1"]
[SourceVersionDate "2002.11.25"]
[SourceQuality "1"]

1. e4 e5 2. d4 exd4 3. Qxd4 Nc6 4. Qe3 d6 5. Bd2 Nf6 6. Nc3 Be7 7. 0-0-0 0-0 8. Bc4 Be6 9. Nd5 Ne5 10. Bb3 Neg4 11. Nxf6+ Bxf6 12. Qe2 Bxb3 13. cxb3 Ne5 14. f4 Nc6 15. g4 Qe7 16. g5 Bd4 17. Nf3 f5 18. Nxd4 Nxd4 19. Qc4+ Ne6 20. Rhe1 Rae8 21. exf5 Rxf5 22. Kb1 d5 23. Qa4 a6 24. Re2 c6 25. Rde1 Qd7 26. Qb4 Rff8 27. Re5 Nd8 28. Re7 Qf5+ 29. Ka1 Ne6 30. R1xe6 Qxe6 31. Rxe6 Rxe6 32. a4 Rf7 33. Qb6 h6 34. h4 Re2 35. Bc3 hxg5 36. Qd8+ Kh7 37. Qxg5 Re4 38. Be5 d4 39. h5 d3 40. Qg6+ 1-0

[Event "SLO-chT"]
[Site "Kranj"]
[Date "1999.??.??"]
[Round "?"]
[White "Drinovec, Ales"]
[Black "Praznik, Anton"]
[Result "0-1"]
[WhiteElo "2179"]
[BlackElo "2217"]
[PlyCount "86"]
[EventDate "1999.??.??"]
[EventType "team"]
[EventRounds "7"]
[EventCountry "SLO"]
[SourceTitle "EXT 2002"]
[Source "ChessBase"]
[SourceDate "2001.11.25"]
[SourceVersion "1"]
[SourceVersionDate "2001.11.25"]
[SourceQuality "1"]

1. e4 d6 2. d4 Nf6 3. Nc3 g6 4. Bg5 Bg7 5. Qd2 h6 6. Bf4 g5 7. Be3 Ng4 8. 0-0-0 Nc6 9. h4 Nxe3 10. Qxe3 e5 11. dxe5 Nxe5 12. hxg5 hxg5 13. Rxh8+ Bxh8 14. f4 gxf4 15. Qxf4 Be6 16. Nf3 Qf6 17. Nd5 Bxd5 18. Qxf6 Bxf6 19. Rxd5 0-0-0 20. Nxe5 Bxe5 21. Rd3 Rg8 22. Rf3 f6 23. Rf2 Rg4 24. Bd3 Bd4 25. Re2 Rf4 26. c3 Be5 27. Bc4 c6 28. Be6+ Kc7 29. g4 b5 30. Kc2 Rf3 31. Rd2 Bf4 32. Re2 a5 33. a3 Kb6 34. Bf7 Kc5 35. Be6 b4 36. axb4+ axb4 37. cxb4+ Kxb4 38. Bd7 c5 39. Be6 c4 40. Bd5 Rf1 41. b3 Rc1+ 42. Kb2 c3+ 43. Ka2 Be5 0-1

[Event "SLO-chT"]
[Site "Kranj"]
[Date "1999.??.??"]
[Round "?"]
[White "Illijin, Neboisa"]
[Black "Drinovec, Ales"]
[Result "1-0"]
[WhiteElo "2252"]
[BlackElo "2179"]
[PlyCount "115"]
[EventDate "1999.??.??"]
[EventType "team"]
[EventRounds "7"]
[EventCountry "SLO"]
[SourceTitle "EXT 2002"]
[Source "ChessBase"]
[SourceDate "2001.11.25"]
[SourceVersion "1"]
[SourceVersionDate "2001.11.25"]
[SourceQuality "1"]

1. e4 c5 2. Nf3 Nc6 3. d4 cxd4 4. Nxd4 Nf6 5. Nc3 e5 6. Ndb5 d6 7. Bg5 a6 8. Na3 Be6 9. Nc4 Rc8 10. Ne3 Be7 11. Bxf6 Bxf6 12. Ncd5 Bg5 13. Bd3 Bxe3 14. Nxe3 0-0 15. c3 Ne7 16. 0-0 g6 17. Bc2 f5 18. Bb3 Qd7 19. exf5 gxf5 20. f4 e4 21. Rf2 Rf6 22. Qd4 Kg7 23. Rd1 Bxb3 24. axb3 Nc6 25. Qb6 Ne7 26. Rfd2 Qc6 27. Qa5 b5 28. Qb4 Qc5 29. Qxc5 dxc5 30. Rd7 Kf8 31. Kf2 Rfc6 32. Nd5 Re6 33. Nxe7 Rxe7 34. R1d5 Rxd7 35. Rxd7 Kg8 36. Rd5 Rf8 37. Rxc5 Rf6 38. Rc7 Rd6 39. Ke2 Rg6 40. g3 Rh6 41. h4 Rg6 42. Rc5 Rxg3 43. Rxf5 Rg2+ 44. Ke3 Rxb2 45. b4 Rb3 46. Rc5 a5 47. bxa5 b4 48. Kxe4 bxc3 49. Kf5 Kg7 50. Kg5 h6+ 51. Kf5 Ra3 52. Rc7+ Kg8 53. Kg6 Kf8 54. f5 c2 55. Rxc2 Ke7 56. f6+ Ke6 57. Re2+ Kd6 58. Rf2 1-0

[Event "SLO-chT2"]
[Site "Skofja Loka"]
[Date "1998.??.??"]
[Round "?"]
[White "Podlesnik, Bogdan"]
[Black "Drinovec, Ales"]
[Result "1-0"]
[WhiteElo "2415"]
[BlackElo "2200"]
[PlyCount "144"]
[EventDate "1998.11.27"]
[EventType "team"]
[EventRounds "7"]
[EventCountry "SLO"]
[SourceTitle "EXT 2001"]
[Source "ChessBase"]
[SourceDate "2000.11.22"]
[SourceVersion "1"]
[SourceVersionDate "2000.11.22"]
[SourceQuality "1"]

1. e4 c5 2. Nc3 Nc6 3. Nf3 Nf6 4. d4 cxd4 5. Nxd4 e5 6. Ndb5 d6 7. Bg5 a6 8. Na3 b5 9. Bxf6 gxf6 10. Nd5 Bg7 11. c3 f5 12. Bd3 Be6 13. Qh5 f4 14. 0-0 0-0 15. Rfd1 f5 16. exf5 Bxd5 17. f6 Rxf6 18. Bxh7+ Kf8 19. Rxd5 Ne7 20. Be4 Rh6 21. Qf3 Nxd5 22. Bxd5 Ra7 23. Nc2 Qh4 24. h3 Qh5 25. Qd3 Rf6 26. Nb4 Bh8 27. Bf3 Qg5 28. Re1 Rh6 29. Kf1 Qg6 30. Be4 Qe6 31. Nd5 Rf7 32. Bf3 Qc8 33. Re4 Bf6 34. a4 Bh4 35. Qd2 Qc5 36. a5 Kg7 37. Re2 Rf8 38. Nb4 Qc8 39. Qd5 Rf7 40. Nc6 Rc7 41. Rd2 Rf7 42. Qd3 Rc7 43. Nb4 Rf7 44. Bd5 Rf8 45. Qf3 Bd8 46. Nc6 Bc7 47. Rd1 Qd7 48. Ra1 Rg6 49. Qd3 Rgf6 50. Be4 R8f7 51. Nb4 Qc8 52. Qf3 Bd8 53. Kg1 Rh6 54. Bd5 Rc7 55. Qe4 Rf6 56. Bb3 Rh6 57. Qd5 Bh4 58. Nxa6 Qxa6 59. Qg8+ Kf6 60. Qf8+ Kg5 61. Qd8+ Rf6 62. Qxc7 Qa8 63. Qd7 Kh6 64. Qg4 Bxf2+ 65. Kxf2 Qa7+ 66. Kf1 f3 67. Qh4+ Kg7 68. Bc2 Qe3 69. Qe1 fxg2+ 70. Kxg2 Qf3+ 71. Kh2 Kf8 72. Be4 Qf4+ 1-0

[Event "SLO-chT 07th"]
[Site "Ljubljana"]
[Date "1997.??.??"]
[Round "?"]
[White "Dizdar, Goran"]
[Black "Drinovec, Ales"]
[Result "1-0"]
[WhiteElo "2545"]
[BlackElo "2200"]
[PlyCount "33"]
[EventDate "1997.07.??"]
[EventType "team-tourn"]
[EventRounds "7"]
[EventCountry "SLO"]
[SourceTitle "CBM 061 Extra"]
[Source "ChessBase"]
[SourceDate "1998.03.09"]
[SourceVersion "1"]
[SourceVersionDate "1998.03.09"]
[SourceQuality "1"]
[WhiteTeam "Krsko Triglav"]
[BlackTeam "Kranj Tomo Zupan"]
[WhiteTeamCountry "SLO"]
[BlackTeamCountry "SLO"]

1. Nf3 d5 2. g3 Bg4 3. Bg2 Qc8 4. c4 dxc4 5. Ne5 c6 6. Qc2 Bh3 7. Qxc4 Nh6 8. 0-0 Bxg2 9. Kxg2 f6 10. Nf3 e5 11. d4 Nf7 12. dxe5 fxe5 13. Ng5 Nxg5 14. Bxg5 Qd7 15. Rd1 Bd6 16. Nc3 h6 17. Rxd6 1-0

[Event "SLO-chT qual"]
[Site "Slovenia"]
[Date "1997.??.??"]
[Round "?"]
[White "Drinovec, Ales"]
[Black "Kranjec, Toni"]
[Result "0-1"]
[WhiteElo "2225"]
[BlackElo "2095"]
[PlyCount "72"]
[EventDate "1997.??.??"]
[EventType "team-swiss"]
[EventRounds "7"]
[EventCountry "SLO"]
[SourceTitle "EXT 2002"]
[Source "ChessBase"]
[SourceDate "2001.11.25"]
[SourceVersion "1"]
[SourceVersionDate "2001.11.25"]
[SourceQuality "1"]

1. e4 e5 2. Nf3 Nc6 3. Bc4 Bc5 4. b4 Bxb4 5. c3 Ba5 6. d4 exd4 7. 0-0 Bb6 8. cxd4 d6 9. h3 h6 10. Bb2 Nf6 11. Nbd2 d5 12. exd5 Nxd5 13. Qb3 Be6 14. Rfe1 0-0 15. Qd1 Re8 16. Rc1 Qd7 17. Bb5 Nde7 18. Ne5 Qd6 19. Ne4 Qb4 20. Bxc6 bxc6 21. Nd3 Qa5 22. a4 Qd5 23. Nf4 Qf5 24. Nxe6 Qxe6 25. Qd2 a5 26. Re3 Nf5 27. Nc5 Qd5 28. Rxe8+ Rxe8 29. Qf4 Rd8 30. Na6 Bxd4 31. Bxd4 Nxd4 32. Qe3 Ne6 33. Qc3 Nf4 34. Qxc6 Ne2+ 35. Kh2 Nxc1 36. Qxc1 Qd6+ 0-1

[Event "SLO-chT 07th"]
[Site "Ljubljana"]
[Date "1997.??.??"]
[Round "?"]
[White "Drinovec, Ales"]
[Black "Polajzer, Danilo"]
[Result "1-0"]
[WhiteElo "2200"]
[BlackElo "2440"]
[PlyCount "112"]
[EventDate "1997.07.??"]
[EventType "team-tourn"]
[EventRounds "7"]
[EventCountry "SLO"]
[SourceTitle "CBM 061 Extra"]
[Source "ChessBase"]
[SourceDate "1998.03.09"]
[SourceVersion "1"]
[SourceVersionDate "1998.03.09"]
[SourceQuality "1"]
[WhiteTeam "Kranj Tomo Zupan"]
[BlackTeam "Ptuj"]
[WhiteTeamCountry "SLO"]
[BlackTeamCountry "SLO"]

1. e4 c5 2. Nf3 Nc6 3. d4 cxd4 4. Nxd4 Nf6 5. Nc3 d6 6. Be2 e6 7. Be3 Be7 8. 0-0 0-0 9. f4 e5 10. Nb3 exf4 11. Bxf4 Be6 12. Kh1 d5 13. exd5 Nxd5 14. Nxd5 Qxd5 15. Qxd5 Bxd5 16. Rad1 Rfd8 17. c3 g6 18. Rd3 Bf8 19. Rfd1 Re8 20. Rxd5 Rxe2 21. R5d2 Rae8 22. Kg1 R2e4 23. Rf1 a5 24. Rd7 a4 25. Nd2 Bc5+ 26. Kh1 Re1 27. Bg3 R1e7 28. Rxe7 Rxe7 29. Re1 Rd7 30. Bf4 f6 31. Ne4 Be7 32. g4 Kg7 33. Kg2 h5 34. h3 h4 35. Re2 g5 36. Bh2 Kg6 37. Kf2 Rd3 38. Re3 Rd1 39. Re1 Rd3 40. Re3 Rd1 41. Re1 Rd5 42. Ke3 Na5 43. Nd2 f5 44. gxf5+ Rxf5 45. b3 Rd5 46. b4 Nc6 47. Nf3 Bf6 48. c4 Rd8 49. Rb1 Nd4 50. Nxd4 Rxd4 51. c5 Rc4 52. Bd6 Kf5 53. Kd2 Ke6 54. Re1+ Kd5 55. Rf1 Bc3+ 56. Kd3 Bb2 1-0

[Event "SLO-chT qual"]
[Site "Slovenia"]
[Date "1997.??.??"]
[Round "?"]
[White "Drinovec, Ales"]
[Black "Sebenik, Matej"]
[Result "0-1"]
[WhiteElo "2225"]
[BlackElo "2115"]
[PlyCount "64"]
[EventDate "1997.??.??"]
[EventType "team-swiss"]
[EventRounds "7"]
[EventCountry "SLO"]
[SourceTitle "EXT 2002"]
[Source "ChessBase"]
[SourceDate "2001.11.25"]
[SourceVersion "1"]
[SourceVersionDate "2001.11.25"]
[SourceQuality "1"]

1. e4 c5 2. Nf3 Nc6 3. d4 cxd4 4. Nxd4 e5 5. Nb5 d6 6. c4 Be7 7. N1c3 a6 8. Na3 Be6 9. Be3 Bg5 10. Be2 Bxe3 11. fxe3 Qg5 12. Qd2 Nf6 13. 0-0 0-0 14. Rad1 Rac8 15. Nc2 Rfd8 16. b3 h5 17. Rf2 Qg6 18. Qd3 h4 19. Rdf1 b5 20. cxb5 axb5 21. Rxf6 gxf6 22. Qxb5 Nd4 23. exd4 Rxc3 24. Ne1 Qxe4 25. dxe5 dxe5 26. Bf3 Qe3+ 27. Kh1 Rc1 28. Qe2 Qxe2 29. Bxe2 Rd2 30. Nf3 Rxf1+ 31. Bxf1 Rd1 32. Kg1 e4 0-1